[Event "SUI-chT"]
[Site "Switzerland"]
[Date "1995.??.??"]
[Round "8"]
[White "Franzoni, Giancarlo"]
[Black "Gheorghiu, Florin"]
[Result "1/2-1/2"]
[WhiteElo "2445"]
[BlackElo "2475"]
[PlyCount "23"]
[EventDate "1995.??.??"]
[EventType "team-tourn"]
[EventRounds "9"]
[EventCountry "SUI"]
[SourceTitle "CBM 049 Extra"]
[Source "ChessBase"]
[SourceDate "1996.01.01"]
[SourceVersion "1"]
[SourceVersionDate "1996.01.01"]
[SourceQuality "1"]

1. e4 c5 2. Nc3 Nc6 3. Nge2 d6 4. d4 cxd4 5. Nxd4 Nf6 6. Nb3 e6 7. Bd3 a6 8. 0-0 b5 9. a3 Be7 10. f4 Bb7 11. Be3 0-0 12. Qf3 1/2-1/2